| Поле | Инд. | ПП | Название | Значение |
|---|---|---|---|---|
| Тип записи | a | |||
| Библиографический уровень | m | |||
| 001 | Контрольный номер | 66aa8bbe-ddf8-4a56-b502-36dff9d89bc9 | ||
| 005 | Дата корректировки | 20131122100354.6 | ||
| 008 | Кодируемые данные | 960430 d | ||
| 020 | a | ISBN | 5-211-01585-1 | |
| c | Цена, тираж | 2 000-00 | ||
| 080 | a | Индекс УДК | 539.1(075.8) | |
| 084 | a | Индекс другой классификации/Индекс ББК | В38я731-1 | |
| 090 | c | Каталожный индекс | В38я731-1 | |
| x | Авторский знак | Б20 | ||
| a | Полочн. индекс | В38 | ||
| 100 | 1_ | a | Автор | Балашов Всеволод Вячеславович |
| 245 | 00 | a | Заглавие | Строение вещества |
| b | Продолж. заглавия | Учеб. пособие для студентов вузов, обучающихся по направлению и спец. "Физика" | ||
| c | Ответственность | В.В. Балашов | ||
| 260 | 0_ | a | Место издания | Москва |
| b | Издательство | Изд-во Моск. ун-та | ||
| c | Дата издания | 1993 | ||
| 300 | a | Объем | 215,[1] с. | |
| b | Иллюстрации/ тип воспроизводства | ил | ||
| 504 | a | Библиография | Библиогр.: с.216 | |
| 650 | a | Основная рубрика | Ядерная физика | |
| x | Основная подрубрика | Учебники для вузов | ||
| 653 | a | Ключевые слова | Ядерная физика | |
| a | Ключевые слова | Учебники | ||
| 852 | t | Порядковый номер экземпляра | 1 | |
| p | Инвентарный номер | 652618 | ||
| 930 | a | Новая/Ретро | Учебники | |
| 952 | c | Вид литературы | К ру | |
| 954 | a | Дата поступления на обработку | 15.02.96 | |
| 999 | a | Подразделение 2 | Фил3 |